000
00292nam a22001337a 4500
020
_a
0-412-11820-3
082
_a
540 BEL'P
100
_a
BELL, R. P
_9
77881
245
_a
THE PROTON IN CHEMISTRY
250
_a
2ND
260
_a
LONDON
_b
CHAPMAN & HALL
_c
1973
300
_a
310P
942
_c
BK
999
_c
583071
_d
583071